Statistics for Airlines That Serve Charlotte (CLT)

Click here to take the quiz!

General Stats

  • This quiz has been taken 18 times
  • The average score is 10 of 15

Answer Stats

CountryAnswer% Correct
USAAmerican Airlines
100%
USADelta Air Lines
100%
USAJetBlue
83%
USAUnited Airlines
83%
CanadaAir Canada Express
67%
USAAmerican Eagle
67%
USADelta Connection
67%
USAFrontier Airlines
67%
GermanyLufthansa
67%
USASouthwest Airlines
67%
USASpirit Airlines
67%
USAUnited Express
67%
MexicoVolaris
67%
USAContour Airlines
33%
USAUltimate Air Shuttle
17%

Score Distribution

Percentile by Number Answered

Percent of People with Each Score

Your Score History

You have not taken this quiz